000 01585nam2a2200325 4500
001 RU\NLR\BIBL_A\010843816
005 20250624191833.0
010 _a978-5-906101-33-4
_z150
021 _aRU
_b2015-59493
_93518
035 _a(NILC)RuMoRGB-007992737
035 _a(NLR Aleph) 010843816
090 _a10339657
_c10339657
100 _a20150917d2015 |||y0rusy50 ca
101 0 _arus
102 _aRU
105 _aachbz|||000yd
200 1 _aКнига Памяти Ирбейского района [Красноярского края]
_fсост.: Шульцев В. В.
210 _aКрасноярск
_cиздатель Титов Сергей Сергеевич
_d2015
215 _a189, [1] с.
_cил., цв. ил., портр., факс., карт.
_d21
320 _aБиблиогр.: с. 189 (10 назв.)
461 0 _1001RU\NLR\bibl\17201
_12000#$aКнига Памяти Красноярского края$fКраснояр. краев. администрация и др.$g[Редкол.: А.С. Проворов (пред.) и др.]$vДоп.
_971877
_cКрасноярск
_d1996
_fКраснояр. краев. администрация и др.
_nПИК "Офсет"
_tКнига Памяти Красноярского края
_vДоп.
675 _a355/359
702 1 _aШульцев
_bВ. В.
_gВладимир Владимирович
_4220
801 0 _aRU
_bРГБ
_c20150807
_gRCR
801 1 _aRU
_bРГБ
_c20150807
_2rusmarc
942 _cBOOK
980 _aNB